| 000 | 00956 a2200205 4500 | ||
|---|---|---|---|
| 020 | _a0471078727 | ||
| 020 | _a9780471078722 | ||
| 082 | 0 | 4 | _a658.4013 |
| 090 |
_c1131 _d1131 |
||
| 100 | 1 | _aNiven, Paul R. | |
| 245 | 1 | 0 |
_aBalanced scorecard step-by-step : _bmaximizing performance and maintaining results / _cPaul R. Niven. |
| 250 | _a1st ed. | ||
| 260 |
_a[S.l.] : _bWiley, _c2002. |
||
| 300 |
_a334 p. ; _c24 cm. |
||
| 500 | _aHardcover. | ||
| 520 | _aNiven shares his extensive experience in developing Balanced Scorecards for Fortune 1000, public sector, and not-for-profit organizations. He provides insight on and practical solutions for developing performance objectives and measures that faithfully translate strategy. | ||
| 856 | 4 | 0 |
_3Amazon.com _uhttp://www.amazon.com/exec/obidos/ASIN/0471078727/chopaconline-20 |
| 856 | 4 | 0 |
_3Amazon customer reviews _uhttp://www.chopac.org/cgi-bin/tools/azrev.pl?q=0471078727 |
| 942 |
_aNBS _cBK _k352.357 NIV |
||
| 999 |
_c343661 _d343661 |
||